| 000 | 00473cam a22002051 4500 | ||
|---|---|---|---|
| 001 | sa 63003209 | ||
| 003 | DLC | ||
| 005 | 20260227111940.0 | ||
| 008 | 881028s1962 xx 000 0 beno | ||
| 010 | _asa 63003209 | ||
| 035 | _a(OCoLC)23554473 | ||
| 040 |
_aDLC _cMiU _dDLC |
||
| 042 | _apremarc | ||
| 050 | 0 | 0 |
_aPK1718.K3 _bP3 |
| 100 | 1 |
_aKara, Bimala, _d1921-2003. |
|
| 245 | 1 | 0 | _aParaspara. |
| 260 | _c[1962] | ||
| 300 |
_a134 p. _c23 cm. |
||
| 500 | _aRomanized. | ||
| 999 |
_c54950 _d54950 |
||